Bienvenue à la Médiathèque de Saint-Andiol
banniere
Accueil Recherche avancée Mon compte
handi1 Rechercher dans le catalogue

Filtre   Mots-clés
  Recherche avancée
 
Lister les dernières nouveautés
 
Lister les livres GROS CARACTERES
 
Lister les périodiques (magazines)

handi1 Hamster et boule de gomme

Book Cover
Auteur principal : Hamuhamu
Autres auteurs : Aude Boyer
Titre : Hamster et boule de gomme
Support : Livres
Langue : Francais
Publié : 2024 Bamboo Charnay-lès-Mâcon (Saône-et-Loire)
Series : Hamster et Boule de gomme
Genre : Manga
Collection : Doki-Doki
Sujets :
Étiquettes :
Pas de tags
LEADER 01197nam0a2200229 450
001 16867663
010 |a 978-2-8189-9769-7  |b br. sous jaquet  |d 7,95 € 
100 |a 20240321d2024 u u0frey01 ba 
101 1 |a fre  |c fre 
102 |a FR 
200 0 |a Hamster et boule de gomme  |f scénario & dessins Hamuhamu  |g traduction et adaptation Aude Boyer 
207 1 |a   
210 |a Charnay-lès-Mâcon (Saône-et-Loire)  |b 8, gde rue de la Coupée.  |c Bamboo  |d 2024 
215 |a 1 vol. (126 p.)  |c illustrations en noir et blanc  |d 18 x 13 cm 
225 1 |a Doki-Doki 
330 |a Un petit corps tout rond, de courtes pattes, une adorable bouille… Le hamster est décidément un animal trop mignon ! Mais lorsqu’on le voit tourner dans sa roue ou mettre de la nourriture plein ses bajoues, on se demande bien ce qu’il a en tête. Découvrez les mystères de Ham le hamster et le quotidien de sa maîtresse dans ce récit craquant comme une graine de tournesol ! 
461 0 |t Hamster et Boule de gomme  |v 01 
700 0 |a Hamuhamu  |4 70 
702 0 |a Boyer  |b Aude  |4 730 
900 |a Manga 
901 |a Jeunesse 
995 |a Médiathèque  |c Médiathèque  |f 00156009392747  |h 00156009392747  |k BD HAM  |o p  |q j  |r az  |e Médiathèque